Statistics for European Footballers Map Quiz

Click here to take the quiz!

General Stats

  • This quiz has been taken 630 times
  • The average score is 24 of 35

Answers on the Map

Answers color-coded by a green-red scale on the quiz's map according to % correct below.
 

Answer Stats

Answer% Correct
Ciro Immobile
89%
Romelu Lukaku
88%
Robert Lewandowski
87%
Bernardo Silva
85%
Konstantinos Mavropanos
85%
Dara O'Shea
84%
Kasper Schmeichel
84%
Jóhann Berg Guðmundsson
83%
Memphis Depay
81%
David Alaba
80%
Ivan Perišić
80%
Oleksandr Zinchenko
80%
Rodri
79%
Florian Wirtz
78%
Dayot Upamecano
76%
Edin Džeko
76%
Aleksandr Golovin
73%
Dominik Szoboszlai
73%
Dan Burn
70%
Robin Olsen
68%
Manuel Akanji
67%
Sergej Milinković-Savić
67%
Radu Drăgușin
65%
Jan Oblak
64%
Stefan Savić
54%
Milan Škriniar
53%
Lucas Hradecky
52%
Oscar Bobb
51%
Vladimír Coufal
47%
Ilya Shkurin
44%
Milot Rashica
42%
Elif Elmas
37%
Gerson Rodrigues
37%
Teddy Teuma
37%
Thomas Strakosha
37%

Score Distribution

Percentile by Number Answered

Percent of People with Each Score

Your Score History

You have not taken this quiz